| 000 | 00905nam a22002657a 4500 | ||
|---|---|---|---|
| 001 | 9318 | ||
| 003 | FISKH | ||
| 005 | 20251210115454.0 | ||
| 008 | 251210b cb ||||| |||| 00| 0 eng d | ||
| 020 | _a9781574711394 | ||
| 040 |
_aFISKH _beng _cFISKH _dFISKH |
||
| 082 | _a 370 | ||
| 100 | _aWilliams, Rozanne Lanczak | ||
| 245 |
_aCat and dog at school / _cWritten by Rozanne Lanczak Williams ; Illustrated by Gloria Jenkins |
||
| 260 |
_aHuntington Beach : _bCreative Teaching Press, _c2013. |
||
| 300 |
_a16 pages : _bcolor illustrations ; _c16 x 23 cm |
||
| 505 | _aC | ||
| 520 | _aCat and dog go to school where the dog helps the cat learn to follow the rules and cooperate. | ||
| 521 | 8 |
_a100
_bLexile estimate |
|
| 521 | 8 |
_aC
_bRaz-Plus |
|
| 650 |
_aCats and Dogs _vSocial skills _xEasy reader |
||
| 700 |
_aJenkins, Gloria _eillustrator |
||
| 942 |
_2ddc _cBK _n0 |
||
| 999 |
_c9318 _d9318 |
||